Top 10 Strictest Countries Quiz - Statistics

General Stats
  • This quiz has been taken 115 times
  • The average score is 5 of 10
Answer Stats
Rank Country % Correct
5 Saudi Arabia
87%
10 North Korea
81%
9 Iran
79%
3 China
73%
8 Syria
62%
1 Singapore
45%
2 Japan
42%
4 Cuba
33%
7 Eritrea
24%
6 Equatorial Guinea
14%
No matching quizzes found
Score Distribution
Percent of People with Each Score
Percentile by Number Answered
Your Score History
You have not taken this quiz